| 000 | 01012naa a2200277 4500 | ||
|---|---|---|---|
| 001 | 45661 | ||
| 003 | ES-MaCES | ||
| 005 | 20141215143334.0 | ||
| 008 | 000000s2014 xxu||||| t||||||| ||eng d | ||
| 040 |
_aES-MaCES _bspa _cES-MaCES |
||
| 100 | 1 |
_917416 _aManuelli, Rodolfo E. |
|
| 245 | 1 | 0 |
_aHuman capital and the wealth of nations _cBy Rodolfo E. Manuelli and Ananth Seshadri |
| 500 | _aResumen | ||
| 504 | _aBibliografía: p. 2761-2762 | ||
| 650 | 4 |
_929498 _acapital humano |
|
| 650 | 4 |
_929375 _ariqueza |
|
| 650 | 4 |
_928259 _aproductividad |
|
| 650 | 4 |
_927367 _aeducación |
|
| 650 | 4 |
_929432 _amodelo matemático |
|
| 650 | 4 |
_929379 _anación |
|
| 653 | 1 | 0 | _aEducación |
| 700 | 1 |
_935535 _aSeshadri, Ananth |
|
| 773 | 0 |
_982219 _dNashville (Broadway, 2014, Suite 305, TN 37293) American Economic Association _o085123 _tThe American economic review _w(ES-MaCES)25404 _gvol. 104, no. 9 (Sept. 2014) {10394 R. 085123} ;p. 2736-2762 |
|
| 902 | _aART Artículo de revista | ||
| 942 |
_2CES _cAR _h4.0. |
||
| 999 |
_c45661 _d45661 |
||